[Event "DRAGOMANOV FIT 2025-MASTERS Blitz"]
[Site "Kyiv"]
[Date "2025.10.05"]
[Round "8.6"]
[White "Mikhalsky, Vladimir"]
[Black "Zhukovskyi, Oleksandr"]
[Result "1-0"]
[WhiteElo "2259"]
[BlackElo "2120"]
[PlyCount "109"]
[EventDate "2025.12.05"]
[EventType "swiss (blitz)"]
[EventRounds "9"]
[EventCountry "UKR"]

1. d4 Nf6 2. Nc3 d5 3. Bf4 g6 4. e3 Bg7 5. h4 h5 6. Nh3 c6 7. Ng5 b5 8. Bd3 Bf5
9. f3 Nbd7 10. Qd2 Nb6 11. e4 dxe4 12. fxe4 Bg4 13. e5 Nfd5 14. e6 Bxe6 15.
Nxe6 fxe6 16. Bxg6+ Kd7 17. Ne4 Nc4 18. Nc5+ Kc8 19. Bf7 Nxf4 20. Qxf4 Qd6 21.
Bxe6+ Kc7 22. Bxc4 Qxf4 23. Ne6+ Kd6 24. Nxf4 bxc4 25. c3 Raf8 26. O-O Rf5 27.
Ng6 Rxf1+ 28. Rxf1 Rb8 29. Rf2 Bf6 30. Kh2 Rg8 31. Nf4 Bxh4 32. Rf3 Bf6 33.
Nxh5 Bg5 34. Rg3 Rg6 35. Rg4 Ke6 36. Nf4+ Kf5 37. Nxg6 Kxg4 38. Ne5+ Kf5 39.
Nxc4 Ke4 40. Kg3 Kd3 41. Na5 Kc2 42. Nxc6 Kxb2 43. c4 Kc3 44. c5 Kc4 45. Kg4
Bc1 46. Nxe7 Kb5 47. c6 Kb6 48. d5 Ba3 49. Nf5 a5 50. Kf3 Bc1 51. Ke4 a4 52. g4
a3 53. Ne3 Kc7 54. g5 Kd6 55. g6 1-0

[Event "DRAGOMANOV FIT 2025-MASTERS Blitz"]
[Site "Kyiv"]
[Date "2025.10.05"]
[Round "8.7"]
[White "Yevdokymov, Maksym"]
[Black "Romanov, Vladimir"]
[Result "1-0"]
[WhiteElo "2177"]
[BlackElo "1993"]
[PlyCount "70"]
[EventDate "2025.12.05"]
[EventType "swiss (blitz)"]
[EventRounds "9"]
[EventCountry "UKR"]

1. e4 e5 2. Nf3 Nc6 3. Nc3 Nf6 4. d4 exd4 5. Nxd4 Bb4 6. Nxc6 bxc6 7. Bd3 d5 8.
Bd2 Bxc3 9. Bxc3 dxe4 10. Bc4 Qd6 11. O-O O-O 12. Qc1 Ng4 13. g3 e3 14. fxe3
Qc5 15. Rf4 g5 16. Rd4 Ne5 17. Bb4 Qb6 18. Bxf8 Nf3+ 19. Kg2 Nxd4 20. exd4 Kxf8
21. c3 c5 22. d5 Qg6 23. Qe3 Bf5 24. Qxc5+ Kg8 25. Rf1 Re8 26. Qf2 Be4+ 27. Kg1
f5 28. d6+ Kg7 29. dxc7 Qc6 30. Qd4+ Kh6 31. Bf7 Re7 32. c8=Q Qxc8 33. Qd6+ Kg7
34. Qxe7 Qb8 35. Be8+ Kh8 1-0

[Event "DRAGOMANOV FIT 2025-MASTERS Blitz"]
[Site "Kyiv"]
[Date "2025.10.05"]
[Round "8.8"]
[White "Mikhaletz, Lubomir"]
[Black "Diak, Hryhorii"]
[Result "1-0"]
[WhiteElo "2074"]
[BlackElo "1991"]
[PlyCount "63"]
[EventDate "2025.12.05"]
[EventType "swiss (blitz)"]
[EventRounds "9"]
[EventCountry "UKR"]

1. d4 Nf6 2. Bg5 h6 3. Bxf6 exf6 4. e3 d6 5. g3 c6 6. Bg2 g6 7. Nd2 Bg7 8. Ne2
O-O 9. h4 h5 10. Nf4 Re8 11. c3 Nd7 12. Qb3 Nf8 13. O-O Qc7 14. Rac1 Bg4 15. c4
g5 16. hxg5 fxg5 17. Nh3 Qe7 18. Rce1 Nh7 19. f3 Be6 20. Nf2 Nf6 21. e4 h4 22.
gxh4 gxh4 23. f4 Ng4 24. e5 dxe5 25. fxe5 Nxf2 26. Rxf2 Rad8 27. Qe3 Qd7 28.
Rf4 Bh6 29. Ne4 Qxd4 30. Nf6+ Kf8 31. Qxd4 Rxd4 32. Rxd4 1-0

[Event "DRAGOMANOV FIT 2025-MASTERS Blitz"]
[Site "Kyiv"]
[Date "2025.10.05"]
[Round "8.9"]
[White "Vashchenko, Illia"]
[Black "Rodin, Alexey"]
[Result "0-1"]
[WhiteElo "1918"]
[BlackElo "1931"]
[PlyCount "79"]
[EventDate "2025.12.05"]
[EventType "swiss (blitz)"]
[EventRounds "9"]
[EventCountry "UKR"]

1. e4 c6 2. d4 d5 3. e5 Bf5 4. Nd2 e6 5. Nb3 Nd7 6. Nf3 c5 7. dxc5 Bxc5 8. Nxc5
Nxc5 9. Bb5+ Nd7 10. Nd4 Ne7 11. O-O O-O 12. f4 a6 13. Bd3 Bxd3 14. Qxd3 Nc5
15. Qh3 Ne4 16. Kh1 Qd7 17. Be3 Rac8 18. c3 Nc6 19. g4 Nxd4 20. Bxd4 f5 21.
exf6 Nxf6 22. Rf3 Ne4 23. Qh4 Rf7 24. Rg1 b5 25. f5 e5 26. Bxe5 Re8 27. Bd4 Nd2
28. Rf2 Ne4 29. Rfg2 Nd6 30. Re1 Re4 31. Qg3 h6 32. Rxe4 Nxe4 33. Qb8+ Rf8 34.
Qb6 Ng5 35. Qxa6 Re8 36. Rg1 Re2 37. Rf1 Qc7 38. Bg1 Qe5 39. Qa8+ Kh7 40. Qa5
0-1

[Event "DRAGOMANOV FIT 2025-MASTERS Blitz"]
[Site "Kyiv"]
[Date "2025.10.05"]
[Round "8.10"]
[White "Nykonenko, Maksym"]
[Black "Anatskiy, Alexey"]
[Result "1-0"]
[WhiteElo "1954"]
[BlackElo "1841"]
[PlyCount "113"]
[EventDate "2025.12.05"]
[EventType "swiss (blitz)"]
[EventRounds "9"]
[EventCountry "UKR"]

1. e4 c6 2. d4 d5 3. e5 Bf5 4. h4 h5 5. Bg5 Qb6 6. Bd3 Bxd3 7. Qxd3 Qa6 8. Qh3
e6 9. Nc3 Ne7 10. Nge2 Nf5 11. Rd1 Be7 12. Ng3 Bxg5 13. Nxf5 Be7 14. Nxe7 Kxe7
15. Qg3 Kf8 16. Rd3 Nd7 17. O-O g6 18. Qg5 Qb6 19. Na4 Qd8 20. Qf4 b6 21. Rc3
Rc8 22. b4 b5 23. Nc5 Nxc5 24. Rxc5 Kg7 25. Rd1 f5 26. exf6+ Qxf6 27. Qg5 Qxg5
28. hxg5 Rhe8 29. Re1 Kf7 30. Re5 Rc7 31. Rc3 Rcc8 32. Rf3+ Kg7 33. Rf6 Ra8 34.
Rexe6 Rxe6 35. Rxe6 a5 36. a3 axb4 37. axb4 Ra1+ 38. Kh2 Ra6 39. Re7+ Kf8 40.
Rc7 Ra4 41. c3 Ra6 42. Kg3 Kg8 43. Kf4 Ra2 44. Kg3 Ra6 45. f3 Kf8 46. Kf4 Ra2
47. g3 Ra6 48. Ke5 Ra2 49. Kf6 Ke8 50. Kxg6 Rg2 51. Kxh5 Rxg3 52. f4 Rxc3 53.
g6 Kf8 54. Kg5 Rg3+ 55. Kf6 Ke8 56. g7 Kd8 57. Ra7 1-0

[Event "DRAGOMANOV FIT 2025-MASTERS Blitz"]
[Site "Kyiv"]
[Date "2025.10.05"]
[Round "9.1"]
[White "Zhukovskyi, Myhaylo"]
[Black "Podolskyi, Mykhailo"]
[Result "0-1"]
[WhiteElo "2237"]
[BlackElo "2272"]
[PlyCount "106"]
[EventDate "2025.12.05"]
[EventType "swiss (blitz)"]
[EventRounds "9"]
[EventCountry "UKR"]

1. Nf3 d5 2. g3 Nf6 3. Bg2 c6 4. O-O Bg4 5. Ne5 Bf5 6. c4 e6 7. Qb3 Qb6 8. d3
Nbd7 9. Nxd7 Nxd7 10. cxd5 exd5 11. Qc2 Be7 12. Nc3 d4 13. Na4 Qa6 14. b3 O-O
15. Bf4 Rac8 16. Nb2 Rfd8 17. Nc4 Nf6 18. Bg5 h6 19. Bd2 Nd5 20. a4 Bf8 21. Qb2
Nb4 22. Rfc1 Re8 23. Bf3 Rcd8 24. Bf4 g5 25. Be5 c5 26. Bc7 Rd7 27. Ba5 g4 28.
Bg2 Rde7 29. Bxb4 cxb4 30. Rc2 Bg7 31. Bf1 h5 32. Rac1 h4 33. Nd2 h3 34. Rc5
Bg6 35. Rc8 Qd6 36. Nc4 Qd5 37. Rxe8+ Rxe8 38. Nd2 Rxe2 39. Rc5 Qxc5 40. Bxe2
Qc3 41. Qa2 Qc6 42. f3 gxf3 43. Nxf3 Qc1+ 44. Kf2 Qe3+ 45. Kf1 Bxd3 46. Ng1
Qc1+ 47. Kf2 Qe3+ 48. Kf1 Qc1+ 49. Kf2 Qe3+ 50. Kf1 Qc1+ 51. Kf2 Qe3+ 52. Kf1
Qc1+ 53. Kf2 Bb1 0-1

[Event "DRAGOMANOV FIT 2025-MASTERS Blitz"]
[Site "Kyiv"]
[Date "2025.10.05"]
[Round "9.3"]
[White "Bagiryan, Vigen"]
[Black "Maly, Alexey"]
[Result "0-1"]
[WhiteElo "2151"]
[BlackElo "2297"]
[PlyCount "76"]
[EventDate "2025.12.05"]
[EventType "swiss (blitz)"]
[EventRounds "9"]
[EventCountry "UKR"]

1. e4 d5 2. exd5 Qxd5 3. Nf3 Nf6 4. d4 g6 5. c4 Qd8 6. Nc3 Bg7 7. Be2 O-O 8.
O-O b6 9. Bg5 Bb7 10. Qd2 Nbd7 11. Rad1 e6 12. Ne5 Nxe5 13. dxe5 Qxd2 14. Rxd2
Ne4 15. Nxe4 Bxe4 16. Bf6 Bc6 17. Rfd1 Rfe8 18. Bxg7 Kxg7 19. f4 h5 20. h4 Kf8
21. Kf2 Ke7 22. g3 Rad8 23. b4 Rxd2 24. Rxd2 Rd8 25. Rxd8 Kxd8 26. Ke3 Kd7 27.
Kd4 Bg2 28. g4 hxg4 29. Bxg4 Bb7 30. a3 Ke7 31. h5 gxh5 32. Bxh5 f6 33. c5 Bd5
34. exf6+ Kxf6 35. Be2 Kf5 36. cxb6 cxb6 37. Ke3 e5 38. fxe5 Ke6 {time} 0-1

[Event "DRAGOMANOV FIT 2025-MASTERS Blitz"]
[Site "Kyiv"]
[Date "2025.10.05"]
[Round "9.4"]
[White "Alexikov, Alexander"]
[Black "Stavroyany, Sergey"]
[Result "0-1"]
[WhiteElo "2134"]
[BlackElo "2215"]
[PlyCount "88"]
[EventDate "2025.12.05"]
[EventType "swiss (blitz)"]
[EventRounds "9"]
[EventCountry "UKR"]

1. e4 g6 2. d4 Bg7 3. c4 d6 4. Nc3 Nf6 5. f3 O-O 6. Be3 Nbd7 7. Qd2 e5 8. d5
Nh5 9. Nge2 f5 10. O-O-O a5 11. g4 fxg4 12. fxg4 Nf4 13. Nxf4 exf4 14. Bxf4 Ne5
15. h3 Nf3 16. Qe3 Qf6 17. Bg3 Ne5 18. Be2 Bd7 19. Rhf1 Qe7 20. Rxf8+ Rxf8 21.
Rf1 Rxf1+ 22. Bxf1 Qf6 23. Be2 b6 24. Qf4 Qe7 25. h4 Bxg4 26. Bxg4 Nd3+ 27. Kc2
Nxf4 28. Bxf4 Qxh4 29. Be6+ Kf8 30. Bd2 Bxc3 31. Bxc3 Qxe4+ 32. Kb3 c5 33. a3
a4+ 34. Ka2 Qxc4+ 35. Kb1 Qd3+ 36. Ka2 h5 37. Bf6 Qb3+ 38. Kb1 Qd1+ 39. Ka2 b5
40. Bd8 b4 41. axb4 cxb4 42. Ba5 Qb3+ 43. Ka1 a3 44. bxa3 Qxa3+ 0-1

[Event "DRAGOMANOV FIT 2025-MASTERS Blitz"]
[Site "Kyiv"]
[Date "2025.10.05"]
[Round "9.5"]
[White "Herasymenko, Maksym"]
[Black "Mikhalsky, Vladimir"]
[Result "1-0"]
[WhiteElo "2187"]
[BlackElo "2259"]
[PlyCount "73"]
[EventDate "2025.12.05"]
[EventType "swiss (blitz)"]
[EventRounds "9"]
[EventCountry "UKR"]

1. d4 Nf6 2. c4 g6 3. Nc3 Bg7 4. e4 d6 5. Be2 O-O 6. Nf3 e5 7. O-O Nbd7 8. Be3
h6 9. Re1 c6 10. Bf1 a5 11. d5 cxd5 12. cxd5 Ng4 13. Bc1 f5 14. h3 Ngf6 15.
exf5 gxf5 16. Nb5 Nc5 17. Be3 b6 18. Nc3 Kh7 19. Qc2 Rg8 20. Kh1 Bh8 21. a3 a4
22. Bxc5 bxc5 23. Nxa4 e4 24. Nh2 Nxd5 25. Rad1 Be6 26. f3 Nf6 27. fxe4 Nxe4
28. Rxe4 fxe4 29. Qxe4+ Rg6 30. Bd3 Bf7 31. Qb7 Qe8 32. Rf1 Bg7 33. Rxf7 Qg8
34. Bxg6+ Kxg6 35. Rf4 Rb8 36. Qe4+ Kh5 37. Qf5# 1-0

[Event "DRAGOMANOV FIT 2025-MASTERS Blitz"]
[Site "Kyiv"]
[Date "2025.10.05"]
[Round "9.6"]
[White "Mikhaletz, Lubomir"]
[Black "Yevdokymov, Maksym"]
[Result "0-1"]
[WhiteElo "2074"]
[BlackElo "2177"]
[PlyCount "65"]
[EventDate "2025.12.05"]
[EventType "swiss (blitz)"]
[EventRounds "9"]
[EventCountry "UKR"]

1. d4 d5 2. Bg5 f6 3. Bh4 Nh6 4. f3 c5 5. c3 Nc6 6. dxc5 e5 7. Bf2 d4 8. e3
Bxc5 9. exd4 exd4 10. Bc4 Nf5 11. Ne2 Ne3 12. Bxe3 dxe3 13. Qxd8+ Kxd8 14. b4
Bb6 15. f4 Bf5 16. a4 a5 17. b5 Ne7 18. Na3 Rc8 19. O-O-O+ Ke8 20. Kb2 Bc5 21.
Nc2 Be4 22. Ned4 Bxd4 23. Rxd4 Bxg2 24. Rg1 Nf5 25. Be6 Nxd4 26. Nxd4 Rc5 27.
Rxg2 g5 28. c4 gxf4 29. Bd5 Rf8 30. Ne6 Rxd5 31. cxd5 f3 32. Rg7 Rf7 33. Rg8+
0-1

[Event "DRAGOMANOV FIT 2025-MASTERS Blitz"]
[Site "Kyiv"]
[Date "2025.10.05"]
[Round "9.7"]
[White "Zhukovskyi, Oleksandr"]
[Black "Rudchenko, Oleksandr"]
[Result "1-0"]
[WhiteElo "2120"]
[BlackElo "2123"]
[PlyCount "57"]
[EventDate "2025.12.05"]
[EventType "swiss (blitz)"]
[EventRounds "9"]
[EventCountry "UKR"]

1. Nf3 c5 2. b3 Nf6 3. Bb2 g6 4. Bxf6 exf6 5. c4 f5 6. Nc3 Bg7 7. g3 Nc6 8. Bg2
O-O 9. O-O d6 10. e3 Rb8 11. d4 a6 12. Rc1 Bd7 13. Qd3 Re8 14. Rfd1 cxd4 15.
exd4 Ne7 16. Ne1 b5 17. Nc2 Qb6 18. Ne3 bxc4 19. Nxc4 Qc7 20. Re1 Bh6 21. Rc2
Nc6 22. Rce2 Rxe2 23. Rxe2 Bg7 24. Nd5 Qa7 25. Nxd6 Nxd4 26. Re7 Nc6 27. Rxf7
Ne5 28. Ne7+ Kh8 29. Qc3 1-0

[Event "DRAGOMANOV FIT 2025-MASTERS Blitz"]
[Site "Kyiv"]
[Date "2025.10.05"]
[Round "9.8"]
[White "Romanov, Vladimir"]
[Black "Diak, Hryhorii"]
[Result "0-1"]
[WhiteElo "1993"]
[BlackElo "1991"]
[PlyCount "89"]
[EventDate "2025.12.05"]
[EventType "swiss (blitz)"]
[EventRounds "9"]
[EventCountry "UKR"]

1. d4 Nf6 2. c4 e6 3. Nc3 d5 4. Bg5 Be7 5. e3 O-O 6. Nf3 a6 7. Qc2 dxc4 8. Bxc4
b5 9. Bd3 h6 10. Bh4 Bb7 11. Rd1 Nbd7 12. a3 Qe8 13. O-O c5 14. Be2 Rc8 15. Qb1
cxd4 16. Nxd4 Nd5 17. Nxd5 Bxh4 18. Nf4 Bf6 19. Nd3 Qe7 20. Bf3 Bxf3 21. Nxf3
Nb6 22. b4 Nc4 23. Nc5 a5 24. Rd7 Qe8 25. Rfd1 Rc6 26. h3 Qa8 27. Nd4 Bxd4 28.
exd4 Nxa3 29. Qb3 Nc4 30. bxa5 Qxa5 31. Qf3 Rd6 32. Qg3 Rxd7 33. Nxd7 Rd8 34.
Nf6+ Kf8 35. Nh5 g6 36. Nf4 Kg7 37. Nh5+ Kh7 38. Nf6+ Kg7 39. Nh5+ Kf8 40. Nf4
Qa4 41. Re1 Qb4 42. Rd1 Nb2 43. Rb1 Rxd4 44. Ne2 Re4 45. Nc1 0-1

[Event "DRAGOMANOV FIT 2025-MASTERS Blitz"]
[Site "Kyiv"]
[Date "2025.10.05"]
[Round "9.9"]
[White "Rodin, Alexey"]
[Black "Nykonenko, Maksym"]
[Result "1-0"]
[WhiteElo "1931"]
[BlackElo "1954"]
[PlyCount "113"]
[EventDate "2025.12.05"]
[EventType "swiss (blitz)"]
[EventRounds "9"]
[EventCountry "UKR"]

1. c4 Nf6 2. Nc3 g6 3. d4 d5 4. cxd5 Nxd5 5. e4 Nxc3 6. bxc3 Bg7 7. Bc4 c5 8.
Ne2 cxd4 9. cxd4 Nc6 10. Be3 O-O 11. O-O b5 12. Bxb5 Bd7 13. Rb1 Qa5 14. d5 Ne5
15. Bxd7 Nxd7 16. Rb7 Rfd8 17. Qd2 Qxd2 18. Bxd2 Nc5 19. Rxe7 Bf6 20. Rc7 Nxe4
21. Be3 Rxd5 22. Bxa7 Bd8 23. Rb7 Ra5 24. Be3 Rxa2 25. Ng3 Nd6 26. Rd7 Nc4 27.
Bh6 Ne5 28. Rd5 Bf6 29. h3 Bg7 30. Bxg7 Kxg7 31. Rxe5 R2a3 32. Rfe1 Ra2 33.
R5e2 R2a3 34. Kh2 h5 35. Ne4 Rb3 36. Nd2 Rb2 37. Nf3 Rb3 38. h4 Rb4 39. Re4 Rb2
40. R1e2 Rb3 41. Rf4 Rb7 42. Ng5 f6 43. Nf3 Ra6 44. Rfe4 Kh6 45. Re6 Rbb6 46.
Rxb6 Rxb6 47. Kg3 g5 48. hxg5+ fxg5 49. Kh2 Kg6 50. Ng1 Kf5 51. Rc2 Rb5 52. Ne2
g4 53. g3 Rb3 54. Kg2 Rb5 55. Ra2 Rc5 56. Rd2 Rb5 57. Nd4+ 1-0

[Event "DRAGOMANOV FIT 2025-MASTERS Blitz"]
[Site "Kyiv"]
[Date "2025.10.05"]
[Round "9.10"]
[White "Anatskiy, Alexey"]
[Black "Vashchenko, Illia"]
[Result "1-0"]
[WhiteElo "1841"]
[BlackElo "1918"]
[PlyCount "39"]
[EventDate "2025.12.05"]
[EventType "swiss (blitz)"]
[EventRounds "9"]
[EventCountry "UKR"]

1. d4 Nf6 2. Bg5 d5 3. Bxf6 gxf6 4. e3 Bg7 5. g3 O-O 6. Bg2 c6 7. Ne2 e5 8. Nd2
Bf5 9. c3 Nd7 10. O-O Qe7 11. Re1 Qe6 12. a3 h5 13. Nf3 Bh3 14. Bh1 Kh8 15. Nh4
Rg8 16. Qc2 Nf8 17. Bg2 Bxg2 18. Kxg2 e4 19. Nf4 Qf5 20. Nxf5 1-0